<?xml version="1.0" encoding="UTF-8"?>
<record
    xmlns:xsi="http://www.w3.org/2001/XMLSchema-instance"
    xsi:schemaLocation="http://www.loc.gov/MARC21/slim http://www.loc.gov/standards/marcxml/schema/MARC21slim.xsd"
    xmlns="http://www.loc.gov/MARC21/slim">

  <leader>00446nam a2200157Ia 4500</leader>
  <controlfield tag="008">230718s9999    xx            000 0 und d</controlfield>
  <datafield tag="041" ind1=" " ind2=" ">
    <subfield code="a">eng</subfield>
  </datafield>
  <datafield tag="082" ind1=" " ind2=" ">
    <subfield code="a">004.6'5</subfield>
    <subfield code="b">PET</subfield>
  </datafield>
  <datafield tag="100" ind1=" " ind2=" ">
    <subfield code="a">Peterson L.L.</subfield>
    <subfield code="9">108584</subfield>
  </datafield>
  <datafield tag="245" ind1=" " ind2=" ">
    <subfield code="a">Computer Network</subfield>
    <subfield code="b"> A Systems Approach</subfield>
  </datafield>
  <datafield tag="260" ind1=" " ind2=" ">
    <subfield code="c">1996</subfield>
    <subfield code="b">Morgan K</subfield>
  </datafield>
  <datafield tag="300" ind1=" " ind2=" ">
    <subfield code="a">551</subfield>
    <subfield code="d">Ref 589 C (8656)</subfield>
  </datafield>
  <datafield tag="365" ind1=" " ind2=" ">
    <subfield code="c">Rs.</subfield>
    <subfield code="b">3209.80</subfield>
  </datafield>
  <datafield tag="700" ind1=" " ind2=" ">
    <subfield code="a">Peterson L.L. &amp; Davie S.</subfield>
    <subfield code="9">186276</subfield>
  </datafield>
  <datafield tag="906" ind1=" " ind2=" ">
    <subfield code="d">B:552507-Sep-1998</subfield>
    <subfield code="c">COMP</subfield>
    <subfield code="b">481.47</subfield>
  </datafield>
  <datafield tag="999" ind1=" " ind2=" ">
    <subfield code="c">297450</subfield>
    <subfield code="d">297450</subfield>
  </datafield>
  <datafield tag="952" ind1=" " ind2=" ">
    <subfield code="0">0</subfield>
    <subfield code="1">0</subfield>
    <subfield code="2">ddc</subfield>
    <subfield code="3">Ref 589 C (8656)</subfield>
    <subfield code="4">0</subfield>
    <subfield code="7">3</subfield>
    <subfield code="a">CCEP</subfield>
    <subfield code="b">CCEP</subfield>
    <subfield code="d">1998-09-18</subfield>
    <subfield code="e">Technical Book Services</subfield>
    <subfield code="f">COMP</subfield>
    <subfield code="g">2728.33</subfield>
    <subfield code="i">5525</subfield>
    <subfield code="o">004.6'5</subfield>
    <subfield code="p">CCEP-BK-8656</subfield>
    <subfield code="r">2023-07-18 00:00:00</subfield>
    <subfield code="t">481.47</subfield>
    <subfield code="v">3209.80</subfield>
    <subfield code="w">1998-09-07</subfield>
    <subfield code="y">BK</subfield>
    <subfield code="z">008656</subfield>
  </datafield>
</record>
